Statistics for 2022 AFL Season Statistical Leaders and Award Winners

Click here to take the quiz!

General Stats

  • This quiz has been taken 9 times
  • The average score is 30 of 51

Answer Stats

HintAnswer% Correct
PremiersGeelong Cats
100%
Ladder Position #1Geelong Cats
100%
Ladder Position #4Collingwood Magpies
89%
Norm Smith MedalistIsaac Smith
89%
Ladder Position #3Sydney Swans
89%
Ladder Position #6Brisbane Lions
78%
Coleman MedalistCharlie Curnow
78%
Total Goals #3Charlie Curnow
78%
Ladder Position #5Fremantle Dockers
78%
Best and Fairest Brisbane LionsLachie Neale
78%
Total DIsposals #2Lachie Neale
78%
Ladder Position #2Melbourne Demons
78%
Wooden SpoonersNorth Melbourne Kangaroos
78%
Best and Fairest Carlton BluesPatrick Cripps
78%
Brownlow MedalistPatrick Cripps
78%
Runners upSydney Swans
78%
Ladder Position #8Western Bulldogs
78%
Total Frees ForDarcy Cameron
67%
Total Goals #2Jeremy Cameron
67%
Best and Fairest Geelong CatsJeremy Cameron Cameron Guthrie
67%
Ladder Position #7Richmond Tigers
67%
Total Goals #1Tom Hawkins
67%
Best and Fairest Fremantle DockersAndrew Brayshaw
56%
Total Disposals #4Andrew Brayshaw
56%
Total Disposals #1Clayton Oliver
56%
Best and Fairest Melbourne DemonsClayton Oliver
56%
Best and Fairest Port Adelaide PowerConnor Rozee
56%
Best and Fairest St KildaJack Sinclair
56%
Best and Fairest North Melbourne KangaroosJy Simpkin
56%
Total Hitouts #5Max Gawn
56%
Best and Fairest Adelaide CrowsRory Laird
56%
GOTYSam Draper
56%
Total Hitouts #3Sean Darcy
56%
Total Hitouts #4Toby Nankervis
56%
Total Frees AgainstToby Nankervis
56%
Best and Fairest Gold Coast SunsTouk Miller
56%
Best and Fairest Sydney SwansCallum Mills
44%
Total Disposals #3Jack Mcrae
44%
Best and Fairest Hawthorn HawksJames Sicily
44%
Total Hitouts #1Jarrod Witts
44%
Best and Fairest Western BulldogsJosh Dunkley
44%
Best and Fairest Essedon BombersPeter Wright
44%
Best and Fairest Richmond TigersTom Lynch
44%
Total Goals #4Tom Lynch
44%
Total Disposals #5Christian Petracca
33%
Best and Fairest Collingwood MagpiesJack Crisp
33%
Best and Fairest Greater Western SyndeySam Taylor
33%
Total Goals #5Bayley Fritsch
22%
Total Hitouts #2Riley O'Brien
22%
Best and Fairest West Coast EaglesTom Barrass
22%
MOTYMitch Georgiades
11%

Score Distribution

Percentile by Number Answered

Percent of People with Each Score

Your Score History

You have not taken this quiz